000
00341nam a2200145 4500
999
_c
9423
_d
9423
003
OSt
005
20210416131502.0
008
210416b ||||| |||| 00| 0 eng d
020
_a
9783920034751
082
_a
724.6
_b
BRE
110
_a
Christian Schittich
245
_a
Building design at arup
260
_a
Detail engineering 2
942
_2
ddc